|
|
|
|
| LEADER |
01898nam a2200409 a 4500 |
| 001 |
35644 |
| 003 |
BD-DhAAL |
| 005 |
20220220094911.0 |
| 008 |
191106t2001 maua b 001 0 eng |
| 999 |
|
|
|c 41768
|d 41768
|
| 010 |
|
|
|a 2001266798
|
| 020 |
|
|
|a 0072401060 (alk. paper)
|
| 040 |
|
|
|a DLC
|c DLC
|d DLC
|d BD-DhAAL
|
| 043 |
|
|
|a n-us---
|
| 050 |
0 |
0 |
|a LA217.2
|b .R44 2001
|
| 082 |
0 |
0 |
|a 370.973
|2 21
|
| 100 |
1 |
|
|a Reed, Arthea J. S.
|9 36832
|
| 245 |
1 |
2 |
|a A guide to observation, participation, and reflection in the classroom /
|c Arthea J.S. Reed and Verna E. Bergemann.
|
| 250 |
|
|
|a Fourth edition
|
| 260 |
|
|
|a Boston :
|b McGraw-Hill,
|c c2001.
|
| 300 |
|
|
|a xvii, 215 pages :
|b illustrations ;
|c 27 cm.
|
| 500 |
|
|
|a Rev. ed. of: In the classroom. c1998.
|
| 504 |
|
|
|a Includes bibliographical references (pages 211-215) and index.
|
| 526 |
|
|
|a BIED
|
| 541 |
|
|
|a Complimentary copy from BIED
|e 35644, 37768
|
| 650 |
|
0 |
|a Education
|x Study and teaching (Higher)
|z United States.
|9 36833
|
| 650 |
|
0 |
|a Multicultural education
|z United States.
|9 36834
|
| 650 |
|
0 |
|a Educational sociology
|z United States.
|9 36835
|
| 650 |
|
0 |
|a Education and state
|z United States.
|9 36836
|
| 650 |
|
0 |
|a Teaching
|x Vocational guidance
|z United States.
|9 36837
|
| 650 |
|
0 |
|a Social science
|9 36857
|
| 700 |
1 |
|
|a Bergemann, Verna E.
|9 36838
|
| 700 |
1 |
|
|a Reed, Arthea J. S.
|t In the classroom.
|9 36839
|
| 852 |
|
|
|a Ayesha Abed Library
|c BIED Collection
|
| 942 |
|
|
|2 ddc
|c BK
|
| 952 |
|
|
|0 0
|1 0
|2 ddc
|4 0
|6 370_973000000000000_REE
|7 0
|9 67050
|a BRACUL
|b BRACUL
|c GEN
|d 2019-11-06
|e Complimentary copy from BIED
|l 0
|o 370.973 REE
|p 3010035644
|r 2019-11-06
|t 1
|w 2019-11-06
|y BK
|x Transferred from BIED to General Stacks
|
| 952 |
|
|
|0 0
|1 0
|2 ddc
|4 0
|6 370_973000000000000_REE
|7 0
|9 69830
|a BRACUL
|b BRACUL
|c GEN
|d 2022-02-20
|e Complimentary copy from BIED
|l 0
|o 370.973 REE
|p 3010037768
|r 2022-02-20
|t 2
|w 2022-02-20
|y BK
|x Transferred from BIED to General Stacks
|